Produkty komerčných bánk pre malé a stredné podniky bakalárska práca

Guardado en:
Detalles Bibliográficos
Autor principal: Lin, Xinyi
Autor Corporativo: Národohospodárska fakulta EU. Katedra bankovníctva a medzinárodných financií
Otros Autores: Horvátová, Eva, 1958-
Formato: Libro
Lenguaje:eslovaco
Publicado: Bratislava 2018
Etiquetas: Agregar Etiqueta
Sin Etiquetas, Sea el primero en etiquetar este registro!

MARC

LEADER 00000nbm a2200000 4500
001 0245821
005 20181213145447.6
041 0 |a slo 
044 |a SK 
245 1 0 |a Produkty komerčných bánk pre malé a stredné podniky  |b bakalárska práca  |c Xinyi Lin ; školiteľ: Eva Horvátová 
264 1 |a Bratislava  |c 2018 
300 |a 46 s. 
100 1 |a Lin, Xinyi 
700 1 |a Horvátová, Eva, 1958- 
710 2 |a Národohospodárska fakulta EU. Katedra bankovníctva a medzinárodných financií